000 00943nam a2200277 a 4500
001 BRL_1366
005 20190320211153.0
008 090114s1982----fr-ao#####---#000-0#fre-#
041 _afre
_heng
044 _afr
050 4 _aTS1415
_b.T49 1982
245 1 0 _aTextiles d´ Afrique = Textiles from Africa
_cCatalogue design and texts: Fedeau, Carmela de Vivero ; traduction-translation: Sally Gould.
260 _aBruxelles
_bFédération pour le Développement de l´Artisanat Utilitaire
_c1982
300 _a60 p.
_bil.
_c28 cm.
440 0 _aFedeau
_v6
_926661
500 _aAu1624
500 _aTexto en: Frances e inglés
650 1 4 _aTextiles
_zÁfrica
_926662
650 1 4 _aTelas
_zÁfrica
_926663
700 1 _aVivero, Carmela de
_926664
700 1 _aGould, Sally
_etr.
_926665
710 2 _aFederation for the Development of Utilitarian Handcrafts
_925125
740 0 _aTextiles from Africa
902 _aGRL
942 _2lcc
_cB
999 _c10178
_d10178